Les incontournables des JO d'été (1) - Statistiques

Statistiques générales
  • Ce quiz a été pris 17 fois
  • Le résultat moyen est 68 sur 109
Statistiques - réponses
Hint Réponse % Correct
1896 Lieu Athènes
93%
1896 Nombre de femmes parmi les sportifs présents 0 12 ou 15 0
86%
1900 Nombre de femmes parmi les sportifs présents 0 5 ou 8 0
86%
1924 Place de la France au classement des nations 3
86%
1932 Place de la France au classement des nations 3
86%
1912 Place de la France au classement des nations 5
86%
1904 Nombre de femmes parmi les sportifs présents 0 6 ou 11 6
86%
1928 Place de la France au classement des nations 7
86%
1920 Place de la France au classement des nations 8
86%
1896 Nombre de sports 5 7 ou 9 9
86%
1900 Lieu Paris
86%
1924 Lieu Paris
86%
1900 Place de la France au classement des nations 1
79%
1904 Nombre de délégations 9 12 ou 15 12
79%
1900 Nombre de sports 9 19 ou 24 19
79%
1908 Nombre de délégations 15 19 ou 24 24
79%
1900 Nombre de délégations 18 22 ou 28 28
79%
1912 Nombre de délégations 19 25 ou 28 28
79%
1896 Place de la France au classement des nations 4
79%
1908 Place de la France au classement des nations 4
79%
1896 Pays des sportifs ayant obtenu 4 ou plus de 4 médailles Allemagne | Etats-Unis
79%
1920 Mois de la compétition (en citer un) avril | mai | juin | juillet | août | septembre
79%
1908 Mois de la compétition (en citer un) avril | mai | juin | juillet | août | septembre | octobre
79%
1904 Pays des sportifs ayant obtenu 4 ou plus de 4 médailles Etats-Unis
79%
1904 Pays ayant obtenu le plus de médailles (231) Etats-Unis
79%
1920 Pays ayant obtenu le plus de médailles (95) Etats-Unis
79%
1924 Pays ayant obtenu le plus de médailles (99) Etats-Unis
79%
1928 Pays ayant obtenu le plus de médailles (56) Etats-Unis
79%
1932 Pays ayant obtenu le plus de médailles (103) Etats-Unis
79%
1920 Pays des sportifs ayant obtenu 4 ou plus de 4 médailles Etats-Unis | Italie | Belgique | Norvège | Finlande
79%
1908 Pays des sportifs ayant obtenu 3 ou plus de 3 médailles Etats-Unis | Royaume-Uni | Suède
79%
1900 Pays des sportifs ayant obtenu 4 ou plus de 4 médailles Etats-Unis | Suisse | Belgique
79%
1924 Pays des sportifs ayant obtenu 4 ou plus de 4 médailles Finlande | France | Etats-Unis
79%
1900 Pays ayant obtenu le plus de médailles (102) France
79%
1904 Pays ayant obtenu le moins de médailles (1) France
79%
1912 Mois de la compétition (en citer un) juillet
79%
1928 Mois de la compétition (en citer un) juillet | août
79%
1932 Mois de la compétition (en citer un) juillet | août
79%
1904 Mois de la compétition (en citer un) juillet | août | septembre | octobre | novembre
79%
1924 Mois de la compétition (en citer un) mai | juillet
79%
1900 Mois de la compétition (en citer un) mai | juin | juillet | août | septembre | octobre
79%
1928 Pays des sportifs ayant obtenu 4 ou plus de 4 médailles Suisse | France
79%
1896 Nombre de délégations 14 18 ou 21 14
71%
1912 Nombre de sports 14 18 ou 24 14
71%
1928 Nombre de sports 14 17 ou 25 14
71%
1932 Nombre de sports 14 17 ou 25 14
71%
1904 Nombre de sports 9 12 ou 16 16
71%
1908 Nombre de sports 11 18 ou 22 22
71%
1920 Nombre de sports 14 16 ou 22 22
71%
1920 Nombre de femmes parmi les sportifs présents 65 88 ou 98 65
71%
1896 Nombre de "médailles" distribuées 122 144 ou 166 122
64%
1904 Place de la France au classement des nations 13
64%
1912 Nombre de sportifs présents 1487 2407 ou 2612 2407
64%
1920 Nombre de sportifs présents 2408 2626 ou 2910 2626
64%
1900 Nombre de "médailles" distribuées 144 268 ou 305 268
64%
1920 Nombre de délégations 19 25 ou 29 29
64%
1912 Nombre de médailles distribuées 282 311 ou 370 311
64%
1908 Nombre de femmes parmi les sportifs présents 5 23 ou 37 37
64%
1932 Nombre de délégations 37 46 ou 50 37
64%
1912 Nombre de femmes parmi les sportifs présents 18 38 ou 48 48
64%
1900 Nombre de sportifs présents 303 506 ou 997 997
64%
1928 Lieu Amsterdam
64%
1896 Mois de la compétition (en citer un) avril
64%
1932 Pays ayant obtenu le moins de médailles (1) Espagne | Uruguay | Suisse | Lettonie | Nouvelle-Zélande
64%
1908 Lieu Londres
64%
1920 Pays ayant obtenu le moins de médailles (3) Nouvelle-Zélande | Grèce | Luxembourg
64%
1928 Pays ayant obtenu le moins de médailles (1) Nouvelle-Zélande | Uruguay | Espagne | Inde | Irlande | Chili | Haïti | Philippines | Portugal
64%
1932 Nombre de femmes parmi les sportifs présents 109 126 ou 147 126
57%
1924 Nombre de femmes parmi les sportifs présents 88 135 ou 204 135
57%
1924 Nombre de sports 14 17 ou 25 17
57%
1896 Nombre de sportifs présents 154 241 ou 303 241
57%
1928 Nombre de femmes parmi les sportifs présents 109 198 ou 277 277
57%
1928 Nombre de sportifs présents 2633 2883 ou 2917 2883
57%
1924 Nombre de sportifs présents 2628 2754 ou 3089 3089
57%
1908 Nombre de "médailles" distribuées 252 324 ou 378 324
57%
1928 Nombre de médailles distribuées 308 327 ou 354 327
57%
1932 Nombre de médailles distribuées 308 346 ou 384 346
57%
1924 Nombre de médailles distribuées 308 338 ou 378 378
57%
1920 Nombre de médailles distribuées 308 438 ou 618 438
57%
1924 Nombre de délégations 26 33 ou 44 44
57%
1928 Nombre de délégations 36 46 ou 50 46
57%
1904 Nombre de sportifs présents 343 651 ou 1220 651
57%
1912 Pays des sportifs ayant obtenu 4 ou plus de 4 médailles Finlande | Suède
57%
1896 Pays avec la délégation la plus importante Grèce
57%
1896 Pays ayant obtenu le plus de médailles (47) Grèce
57%
1900 Pays ayant obtenu le moins de médailles (1) Mexique | Suède
57%
1924 Pays ayant obtenu le moins de médailles (1) Portugal | Roumanie | Haïti | Nouvelle-Zélande | Japon
57%
1912 Pays ayant obtenu le plus de médailles (65) Suède
57%
1932 Nombre de sportifs présents 821 1332 ou 2037 1332
50%
1908 Nombre de sportifs présents 781 1487 ou 2008 2008
50%
1904 Nombre de "médailles" distribuées 194 251ou 280 280
50%
1908 Pays ayant obtenu le plus de médailles (146) Royaume-Uni
50%
1912 Pays ayant obtenu le moins de médailles (3) Pays-Bas
43%
1904 Lieu Saint-Louis
43%
1920 Lieu Anvers
36%
1932 Lieu Los Angeles
36%
1912 Lieu Stockholm
36%
1896 Pays ayant obtenu le moins de médailles (3) Suisse
36%
1932 Pays des sportifs ayant obtenu 4 ou plus de 4 médailles Hongrie
29%
1920 Ouverts par Albert 1er | Roi
21%
1908 Pays ayant obtenu le moins de médailles (1) Autriche
21%
1908 Ouverts par Edouard VII | Roi
21%
1896 Ouverts par Georges 1er | Roi
21%
1912 Ouverts par Gustav V | Roi
21%
1932 Ouverts par Charles Curtis | Vice-président
7%
1904 Ouverts par David Francis | Président de la Louisiana Purchase Exposition
0%
1924 Ouverts par Gaston Doumergue | Président de la République
0%
1900 Ouverts par Pas d'ouverture officielle
0%
1928 Ouverts par Prince Henri | Prince consort
0%
Aucun quiz correspondant
Distribution des résultats
% des personnes avec chaque résultat
Percentile par nombre de réponses
Votre historique - résultats
Vous n’avez pas pris ce quiz